Movies Quiz

Random Movies or Letter Quiz

Movie/Actor Fill in the Blank (A-Z) Quiz Stats

 Plays Quiz Updated Oct 12, 2016

Challenge
Share
Tweet
Embed
Score 0/23 Timer 04:00
0 Plays Today
Film % Correct
Schindler's ____List, Liam
94%
____ Mia!Mamma, Meryl
90.8%
____ with the WindGone, Gable
88.7%
One Flew Over the Cuckoo's ____Nest, Nicholson
86.8%
Dog Day ____Afternoon, Al
86%
The Man in the ____ MaskIron, Irons
83.7%
____ FeetHappy, Hugh
82.4%
To ____ a ThiefCatch, Cary
77.8%
The Mask of ____Zorro, Zeta-Jones
74.9%
American ____Beauty, Bening
71.4%
Benny & ____Joon, Johnny
67.2%
____ Hood: Prince of ThievesRobin, Rickman
65.4%
Film % Correct
Cat on a Hot ____ RoofTin, Taylor
64.3%
The ____ HunterDeer, De Niro
63.8%
____ Side StoryWest, Wood
61%
The Five-Year ____Engagement, Emily
56.5%
A History of ____Violence, Viggo
54.9%
To ____, with LoveSir, Sidney
53.3%
Mr. Holland's ____Opus, Olympia
51.4%
The ____ And IKing, Kerr
45.3%
Too ____ to MarryYoung, Young
36%
Big ____Fish, Finney
34.1%
Gosford ____Park, Phillippe
24.1%

You're not logged in!

Compare scores with friends on all Sporcle quizzes.
OR
Log In

You Might Also Like...

Show Comments

Extras

Top Quizzes Today


Score Distribution

Your Account Isn't Verified!

In order to create a playlist on Sporcle, you need to verify the email address you used during registration. Go to your Sporcle Settings to finish the process.

Report this User

Report this user for behavior that violates our Community Guidelines.

Details: